000 01380cam a2200253 4500
001 ABS@61468
008 040617n2004 000 0 eng u
035 _a(Sirsi) u126494
100 _aKearns, P.
245 _aKnow your GM crops
260 _c2004
490 _aObserver
_v(243) May 2004, 40(1)
520 _aBriefly considers the increase in the cultivation of genetically engineered crops. Increasingly, crops such as maize, soybean, rapeseed and cotton are being approved for use in more countries. However, different national authorities can have different names and descriptions for the same product which can cause problems when sharing information. The Organisation for Economic Co-operation and Development has published guidance on developing unique identifiers for transgenic plants which is available at www.oecd.org/scripts/biotech/. The guidance also provides information on the safety of genetically modified organisms which are in commercial use.
590 _aABS
590 _aABS
650 _aGENETICALLY MODIFIED ORGANISMS
650 _aBIOTECHNOLOGY
650 _aGENETICALLY MODIFIED CROPS
690 _aRURAL-AGRICULTURE AND FORESTRY
700 _aMiyazako, M.
856 _uhttps://www.oecd.org/scripts/biotech/
_zView the OECD guidance...
856 _uhttps://www.oecd.org/scripts/biotech/
_zView the OECD guidance...
942 _n0
999 _c117529
_d117529